Méthode des moindres carrés: éléments de la théorie du traitment statistique des observations
Zapisane w:
| 1. autor: | |
|---|---|
| Format: | Książka |
| Język: | francuski |
| Wydane: |
París
Dunod
1963
|
| Seria: | Travaux et Recherches Mathématiques, 8
|
| Hasła przedmiotowe: | |
| Etykiety: |
Dodaj etykietę
Nie ma etykietki, Dołącz pierwszą etykiete!
|
MARC
| LEADER | 00000nam a2200000 a 4500 | ||
|---|---|---|---|
| 001 | UCP2660 | ||
| 003 | CL-VaPUC | ||
| 008 | 990520e19630000FR |||||||||||||||||fre|d | ||
| 082 | 0 | 4 | |a 519.54 |b LIN |2 21 |
| 100 | |a Linnik, Y. V. |e autor |9 429572 | ||
| 245 | 1 | 0 | |a Méthode des moindres carrés: éléments de la théorie du traitment statistique des observations |
| 300 | |a 356 p | ||
| 942 | |c BK | ||
| 945 | |d 19990520 00:00:00 |a crobeson | ||
| 260 | |a París |b Dunod |c 1963 | ||
| 650 | 0 | |a Inferencia estadística |9 312855 | |
| 650 | 0 | |a Estimación de parámetros |9 344394 | |
| 650 | 7 | |a INTERVALOS DE CONFIANZA |2 CL-VaPUC |9 424892 | |
| 583 | |a last modification |c 19990520 00:00:00 |k Rodrigo Vera | ||
| 490 | 0 | |a Travaux et Recherches Mathématiques, 8 | |
| 999 | |c 281167 |d 281165 | ||
| 952 | |0 0 |1 0 |4 0 |6 519_540000000000000_LIN_1963 |7 0 |8 A |9 321838 |a BIBGIM |b BIBGIM |d 2019-11-20 |i 1345664 |o 519.54 LIN 1963 |p 1345664 |r 2025-01-15 |w 2019-11-20 |y BK |k EST | ||